GPS for land surveyors / (Record no. 13536)

MARC details
000 -LEADER
fixed length control field 01303cam a2200349 i 4500
001 - CONTROL NUMBER
control field 15109973
003 - CONTROL NUMBER IDENTIFIER
control field EG-ScBUE
005 - DATE AND TIME OF LATEST TRANSACTION
control field 20241221110954.0
008 - FIXED-LENGTH DATA ELEMENTS--GENERAL INFORMATION
fixed length control field 071212t2008 fluab f b 001 0 eng d
020 ## - INTERNATIONAL STANDARD BOOK NUMBER
International Standard Book Number 9780849391958 (alk. paper)
020 ## - INTERNATIONAL STANDARD BOOK NUMBER
International Standard Book Number 0849391954 (alk. paper)
035 ## - SYSTEM CONTROL NUMBER
System control number (OCoLC)ocn149657623
035 ## - SYSTEM CONTROL NUMBER
System control number (OCoLC)149657623
040 ## - CATALOGING SOURCE
Original cataloging agency DLC
Language of cataloging eng
Description conventions rda
Transcribing agency DLC
Modifying agency DLC
-- EG-ScBUE
082 04 - DEWEY DECIMAL CLASSIFICATION NUMBER
Classification number 526.982
Edition number 22
Item number SIC
100 1# - MAIN ENTRY--PERSONAL NAME
Personal name Van Sickle, Jan,
Relator term author.
9 (RLIN) 12014
245 10 - TITLE STATEMENT
Title GPS for land surveyors /
Statement of responsibility, etc Jan Van Sickle.
250 ## - EDITION STATEMENT
Edition statement Third edition.
264 #1 - PUBLICATION, DISTRIBUTION, ETC. (IMPRINT)
Place of publication, distribution, etc Boca Raton, FL :
Name of publisher, distributor, etc CRC Press,
Date of publication, distribution, etc [2008]
264 #4 - PUBLICATION, DISTRIBUTION, ETC. (IMPRINT)
Date of publication, distribution, etc c2008
300 ## - PHYSICAL DESCRIPTION
Extent xxi, 338 pages :
Other physical details illustrations (chiefly color), color maps ;
Dimensions 25 cm
336 ## - CONTENT TYPE
Source rdacontent
Content type term text
Content type code txt
337 ## - MEDIA TYPE
Media type term unmediated
Source rdamedia
Media type code n
338 ## - CARRIER TYPE
Carrier type term volume
Carrier type code nc
Source rdacarrier
504 ## - BIBLIOGRAPHY, ETC. NOTE
Bibliography, etc Includes bibliographical references and index.
650 #7 - SUBJECT ADDED ENTRY--TOPICAL TERM
Topical term or geographic name as entry element Artificial satellites in surveying.
Source of heading or term BUEsh
9 (RLIN) 12015
650 #7 - SUBJECT ADDED ENTRY--TOPICAL TERM
Topical term or geographic name as entry element Global Positioning System.
Source of heading or term BUEsh
9 (RLIN) 12016
655 ## - INDEX TERM--GENRE/FORM
Form subdivision Reading book
856 41 - ELECTRONIC LOCATION AND ACCESS
Materials specified Table of contents only
Uniform Resource Identifier <a href="http://www.loc.gov/catdir/toc/ecip086/2007050714.html">http://www.loc.gov/catdir/toc/ecip086/2007050714.html</a>
942 ## - ADDED ENTRY ELEMENTS (KOHA)
Source of classification or shelving scheme Dewey Decimal Classification
Koha item type NB - Book (Non borrowing)
Holdings
Withdrawn status Lost status Source of classification or shelving scheme Damaged status Not for loan Collection code Home library Current library Shelving location Date acquired Source of acquisition Total Checkouts Full call number Barcode Date last seen Price effective from Koha item type Total Renewals Date checked out
    Dewey Decimal Classification     Baccah Central Library Central Library First floor 28/02/2010 Purchase   526.982 SIC 000019995 15/07/2025 28/02/2010 NB - Book (Non borrowing)    
    Dewey Decimal Classification     Baccah Central Library Central Library First floor 28/02/2010 Purchase 3 526.982 SIC 000019996 15/07/2025 28/02/2010 Book - Borrowing 3 18/03/2015